San Martín /

Uloženo v:
Podrobná bibliografie
Hlavní autor: Stefanelli, Luciana
Korporativní autor: e-libro, Corp
Médium: E-kniha
Jazyk:španělština
Vydáno: [Santa Fe, Argentina] : El Cid Editor, 2005.
Témata:
On-line přístup:https://elibro.unach.elogim.com/es/lc/unach/titulos/98018
Tagy: Přidat tag
Žádné tagy, Buďte první, kdo vytvoří štítek k tomuto záznamu!

MARC

LEADER 00000nam a2200000 4500
001 ELB98018
003 FlNmELB
005 20210112101226.0
006 m o d |
007 cr cnu||||||||
008 210112s2005 ag o 000 0 spa d
020 |z 1413583334 
035 |a (OCoLC)1230260552 
040 |a FINmELB  |b spa  |e rda  |c FINmELB 
050 4 |a F2845.B378  |b S816 2005 
080 |a 929 
100 1 |a Stefanelli, Luciana. 
245 1 0 |a San Martín /  |c Luciana Stefanelli. 
260 |a [Santa Fe, Argentina] :  |b El Cid Editor,  |c 2005. 
300 |a 5-15 p. 
650 4 |a Historia  |z Argentina. 
650 4 |a Biografías. 
650 4 |a Generals  |z Argentina  |x Biography. 
651 4 |a Argentina  |x History. 
655 4 |a Libros electrónicos. 
710 2 |a e-libro, Corp. 
856 4 0 |u https://elibro.unach.elogim.com/es/lc/unach/titulos/98018